Les dynamismes des Aires Urbaines. - Statistiques

Statistiques générales
  • Ce quiz a été pris 54 fois
  • Le résultat moyen est 10 sur 18
Statistiques - réponses
Question Réponse % Correct
Quel est le nom donné à la partie des aires urbaines réunissant la ville - centre et les banlieues? Le pôle urbain.
87%
Quel est le nom donné aux déplacements quotidiens entre le domicile ( couronne périurbaine) et le travail ( pôle urbain)? Déplacements pendulaires.
73%
Quelles sont les régions les moins peuplées de la France? Diagonale du Vide (Massif Central, Pyrénées) + Montagnes + Corse.
73%
Lorsque les habitants rejoignent la couronne par nécessité, quel est le principal reproche que font - ils à la ville - centre? Les loyers trop élevés.
73%
Qu'arrive - t'il aux réseaux de transport? Ils sont améliorés.
67%
Les habitants quittent la ville - centre pour rejoindre quelle partie des aires urbaines? La couronne périurbaine.
67%
Qu'est - ce que la gentrification? L'appropriation de logements par des personnes "aisées" au détriment des personnes "modestes".
67%
Sachant que la France compte 68,3 Millions d'habitants et que sa superficie est de 643 800 Kilomètres carré, quelle est sa densité de population? 120 Habitants/ Kilomètre carré.
60%
Pour quelles personnes les municipalités construisent - elles des immeubles et des bureaux dans la ville - centre? Les habitants et les entreprises.
60%
Les villes - centres parviennent - elles à conserver leurs fonctions importantes et leurs lieux culturels? Oui.
60%
Les habitants décident de rejoindre la couronne périurbaine... Par envie ou par nécessité.
60%
Quelles sont les zones de la France dans lesquelles la densité de population est la plus importante? Aires urbaines du Sud et de l'Ouest + Frontières Nord et Est.
53%
Quel est le nom donné aux quartiers des banlieues dans lesquels des maisons se succèdent à perte de vue? Quartiers pavillonaires.
53%
Que peuvent être les conséquences de l'artificialisation des sols? Inondations et perte de la biodiversité.
47%
La France étant une terre d'accueil d'immigrés, vers quelles région se dirigeront-ils? Les aires Urbaines du Sud + l ' Île de France.
47%
Quels autres critères peuvent influencer l'attractivité d'une aire urbaine? La Mondialisation + La présence d'emplois + le cadre de vie et l'héliotropisme+ Le climat.
40%
Pour quelle autre zone les habitants quittent - t'ils la ville - centre, la vie y étant devenue trop chère? Les périphéries.
33%
Quelle est la transformation subie par la couronne périurbaine de par l'installation de pavillons dans les lotissements, de zones de commerce, de voies de communication et d'équipements de loisirs? Une densification.
20%
Aucun quiz correspondant
Distribution des résultats
% des personnes avec chaque résultat
Percentile par nombre de réponses
Votre historique - résultats
Vous n’avez pas pris ce quiz